000
00240nam a2200097Ia 4500
001
722777
005
20250826163318.0
008
250824s9999 xx 000 0 und d
245
0
_a
ASMA KATLI EV
_c
ANTON ÇEHOV
260
_b
LACİVERT YAYINCILIK
999
_c
722777
_d
722777